| 000 | 00329nam a2200121Ia 4500 | ||
|---|---|---|---|
| 008 | 230907s9999||||xx |||||||||||||| ||und|| | ||
| 082 |
_a621.312136 _bRIV |
||
| 100 |
_aRivkin, David A. _9114682 |
||
| 245 | 0 | _aWind energy / | |
| 260 |
_aJones & Bartlett Learning, _bBurlington, MA : _c2013 |
||
| 300 | _axiv, 161 p. ; | ||
| 942 | _cBK | ||
| 999 |
_c596399 _d596399 |
||